The British stage and literary cabinet.

Bibliographic Details
Other Authors: Cruikshank, George, 1792-1878, Cruikshank, Robert, 1789-1856
Format: Journal
Language:English
Published: [London] : Published for the proprietors by J. Chappell, 1817-1822.
Subjects:
Online Availability: Check for online availability

MARC

Tag First Indicator Second Indicator Subfields
LEADER 00000cas a2200000Ka 4500
001 in00002783150
005 20151202171718.0
006 m o d
007 cr |||||||||||
008 760620d18171822enkmr poo 0 0eng d
022 |y 2043-1635 
029 0 |a NZ1  |b 13101420 
035 |a (OCoLC)ocn463151223 
035 |a (OCoLC)463151223 
040 |a Nz  |b eng  |c UV0  |d OCLCQ  |d TXA  |d UtOrBLW 
043 |a e-uk--- 
049 |a TXAM 
090 |a PN2001  |b .B74 Electronic 
245 0 4 |a The British stage and literary cabinet. 
264 1 |a [London] :  |b Published for the proprietors by J. Chappell,  |c 1817-1822. 
310 |a Monthly 
336 |a text  |b txt  |2 rdacontent 
337 |a computer  |b c  |2 rdamedia 
338 |a online resource  |b cr  |2 rdacarrier 
362 1 |a Began with: Vol. 1, no. 1 (Jan. 1817); ceased with: Vol. 6, no. 62 (Feb. 1822). 
500 |a Twenty-one plates by George Cruikshank in 1st 2 volumes; Robert Cruikshank contributed through volume 5, number 55. Cf. A.M. Cohn, George Cruikshank, number 461. 
515 |a No. of issues per vol. varies. Cf. Cohn. 
515 |a Issues numbered continuously throughout vols. 
588 |a Description based on: Vol. 1, no. 1 (Jan. 1871); title from PDF article caption (Periodicals Archives Online Web Site, viewed July 27, 2009). 
588 |a Latest issue consulted: Vol. 6, no. 62 (Feb. 1822) (Periodicals Archives Online Web Site, viewed July 27, 2009). 
500 |a Electronic resource. 
650 0 |a Theater  |z Great Britain  |x History  |y 19th century  |v Periodicals. 
700 1 |a Cruikshank, George,  |d 1792-1878. 
700 1 |a Cruikshank, Robert,  |d 1789-1856. 
776 0 8 |i Print version:  |t British stage and literary cabinet  |w (DLC)sn 88021816  |w (OCoLC)2258625 
948 |a cataloged  |b h  |c 2012/12/7  |d c  |e spoltoratski  |f 3:19:44 pm  |g sc 
994 |a C0  |b TXA 
999 |a MARS 
999 f f |s 6a3bc12c-04f0-37bd-9250-57ed585a73ff  |i 97fdaefb-d05e-33e9-a4e7-86d74e03089c  |t 0 
952 f f |a Texas A&M University  |b College Station  |c Electronic Resources  |d Available Online  |t 0  |e PN2001 .B74  |g Electronic  |h Library of Congress classification 
998 f f |a PN2001 .B74  |t 0  |l Available Online